[Event "Muppets on tour 1st practice"]
[Site "SchemingMind.com"]
[Date "2020.09.11"]
[Round "-"]
[White "Robert Bruce"]
[Black "Matthew Bailey"]
[Result "1/2-1/2"]
[WhiteCountry "SCO"]
[BlackCountry "ENG"]
[WhiteElo "2409"]
[WhiteRD "72"]
[BlackElo "2596"]
[BlackRD "70"]
[GameID "459767"]

1. d4 Nf6 2. c4 g6 3. g3 Bg7 4. Bg2 O-O 5. Nc3 d6 6. Nf3 Nbd7 7. O-O e5 8. e4 exd4 9. Nxd4 Re8 10. h3 Nc5
11. Re1 Bd7 12. Rb1 h6 13. Kh2 a5 14. b3 h5 15. f3 h4 16. g4 g5 17. Rf1 Nh7 18. Kh1 a4 19. b4 Ne6 20. Nce2 Nhf8
21. Nf5 Ng6 22. Nxg7 Kxg7 23. Qc2 Nef4 24. Nxf4 Nxf4 25. Be3 Kg8 26. Rbd1 Qf6 27. Bd4 Qg6 28. Rf2 a3 29. b5 b6 30. Bf1 Bc8
31. Qc3 Bb7 32. Kg1 Ne6 33. Bf6 Nc5 34. Re1 Ne6 35. Re3 Nf4 36. Rd2 Qh6 37. Rd1 Ne6 38. Rd2 Nc5 39. Rf2 Nd7 40. Bd4 Ne5
41. Qc1 Qf6 42. Bc3 Kf8 43. Bd2 Qg6 44. Rxa3 Rxa3 45. Qxa3 Ra8 46. Qc1 f6 47. Bc3 Ke7 48. Qe1 Qg8 49. Qc1 Ra4 50. Qb2 Qa8
51. Qc2 Ra7 52. Qd2 Qg8 53. Be2 Bc8 54. Qc2 Be6 55. a4 Qa8 56. a5 Rxa5 57. Bxa5 Qxa5 58. Qc1 Ng6 59. Bf1 Qb4 60. Qe3 Qb1
61. e5 dxe5 62. Qe4 Qxe4 63. fxe4 Nf8 64. Ra2 Bd7 65. c5 bxc5 66. Kf2 Ne6 67. Ra7 Kd6 68. Ra5 Nf4 69. Ra6+ Ke7 70. Ra7 Kd6
71. Ra6+ Ke7 72. Ra3 Kd6 73. Ke1 Bc8 74. Kd2 Bb7 75. Ra4 Kd7 76. Rc4 Ne6 77. Ke3 Kd6 78. Rc3 Bc8 79. Bc4 Nf4 80. Bf1 Ne6
81. Rc2 Nf4 82. Rd2+ Ke7 83. Rb2 Kd6 84. Rd2+ Ke7 85. Ra2 Bd7 86. Ra4 c4 87. Rxc4 Bxb5 88. Rxc7+ Kd6 89. Rc1 Be8 90. Rc2 Bf7
91. Rc8 Ke7 92. Rc7+ Kf8 93. Rb7 Kg8 94. Rb1 Kg7 95. Kd2 Kf8 96. Rb6 Ke7 97. Rb7+ Kf8 98. Rb1 Be8 99. Rc1 Ke7 100. Kc3 Bc6
101. Re1 Kd6 102. Kb4 Kc7 103. Re3 Kb6 104. Bc4 Ba8 105. Bg8 Bb7 106. Bh7=
1/2-1/2

[Event "Muppets on tour 1st practice"]
[Site "SchemingMind.com"]
[Date "2020.09.11"]
[Round "-"]
[White "Matthew Bailey"]
[Black "Robert Bruce"]
[Result "1-0"]
[WhiteCountry "ENG"]
[BlackCountry "SCO"]
[WhiteElo "2580"]
[WhiteRD "61"]
[BlackElo "2397"]
[BlackRD "67"]
[GameID "459768"]

1. e4 c5 2. Nf3 d6 3. d4 Nf6 4. Nc3 cxd4 5. Nxd4 Nc6 6. Bg5 e6 7. Qd2 a6 8. O-O-O Bd7 9. f4 b5 10. Bxf6 gxf6
11. Kb1 Qb6 12. Nxc6 Bxc6 13. f5 b4 14. Ne2 e5 15. Ng3 Qc5 16. Bd3 a5 17. Nh5 Ke7 18. g4 Rg8 19. Rhg1 a4 20. h4 a3
21. g5 fxg5 22. hxg5 Qd4 23. Qc1 axb2 24. Qxb2 Qc5 25. Nf6 Rxg5 26. Rxg5 Kxf6 27. Rg8 Bh6 28. Rxa8 Bxa8 29. a3 bxa3 30. Qb8 Bf4
31. Qh8+ Ke7 32. f6+ Kd7 33. Qb8 Be3 34. Bb5+ Ke6 35. Bc4+ Kxf6 36. Qd8+ Kg7 37. Rxd6 Qb4+ 38. Bb3 Qe1+ 39. Ka2 Qf1 40. Rd7 Bxe4
41. Bxf7 Bxc2 42. Bc4+
1-0

[Event "Muppets on tour 1st practice"]
[Site "SchemingMind.com"]
[Date "2020.09.11"]
[Round "-"]
[White "Robert Bruce"]
[Black "William Lindberg"]
[Result "1/2-1/2"]
[WhiteCountry "SCO"]
[BlackCountry "USA"]
[WhiteElo "2419"]
[WhiteRD "72"]
[BlackElo "2416"]
[BlackRD "66"]
[GameID "459770"]

1. d4 Nf6 2. c4 e6 3. g3 Bb4+ 4. Bd2 Be7 5. Bg2 d5 6. Nf3 O-O 7. O-O Nbd7 8. Qc2 c6 9. Rd1 b6 10. a4 Ba6
11. b3 h6 12. Be1 Qc8 13. a5 Re8 14. Na3 Bb7 15. e3 Qc7 16. cxd5 exd5 17. Nb5 Qc8 18. Nc3 Rb8 19. Rdb1 c5 20. Bf1 Bf8
21. a6 Bc6 22. Nb5 Bxb5 23. Bxb5 Ne4 24. Qd3 Re6 25. Rc1 Qd8 26. Ra2 Qe7 27. Bc3 Nxc3 28. Qxc3 Nf6 29. Rac2 Ne4 30. Qd3 Qf6
31. Ne5 Rd8 32. b4 Qf5 33. bxc5 bxc5 34. f3 Rxe5 35. dxe5 Qxf3 36. Rf1 Qh5 37. Bc4 Qxe5 38. Rd1 Be7 39. Bxd5 Bg5 40. Qb3 Kh8
41. Rd3 Bxe3+ 42. Rxe3 Rxd5 43. Qc4 f5 44. Rd3 Rd4 45. Rxd4 cxd4 46. Qf1 Kh7 47. Qe2 Qd5 48. Qd3 Qe5 49. g4 Qf4 50. Qxd4 Qf3
51. gxf5 Ng5 52. h4 Nh3+ 53. Kh2 Nf4 54. Qc3 Qe4 55. Qc4 Qf3 56. Ra2 Qg4 57. Qc3 Qxh4+ 58. Kg1 Qg4+ 59. Kf1 Nd5 60. Qb3 Qxf5+
61. Rf2 Qe4 62. Re2 Qf4+ 63. Rf2 Qe4 64. Qf3 Qc4+ 65. Kg1 Qd4 66. Kh1 Qa1+ 67. Kh2 Qe5+ 68. Kh1 Ne3 69. Re2 Qa1+ 70. Kh2 Qe5+
71. Kg1 Qg5+ 72. Kf2 Ng4+ 73. Kg2 Nf6+ 74. Kh3 Qc5 75. Qd3+ Kh8 76. Qd8+ Kh7 77. Qd3+ Kh8 78. Rc2 Qh5+ 79. Kg3 Qg4+ 80. Kh2 Ne4
81. Qd8+ Kh7 82. Qd3 Qf4+ 83. Kg1 Qf5 84. Kg2 h5 85. Kg1 h4 86. Re2 Qg4+ 87. Rg2 Qf4 88. Re2 Qg4+ 89. Rg2 Qf4 90. Ra2 Qg5+
91. Kh2 Qf4+ 92. Kg1 Qg4+ 93. Kh2 Qf4+ 94. Kg2 Qg4+=
1/2-1/2

[Event "Muppets on tour 1st practice"]
[Site "SchemingMind.com"]
[Date "2020.09.10"]
[Round "-"]
[White "William Lindberg"]
[Black "Robert Bruce"]
[Result "1-0"]
[WhiteCountry "USA"]
[BlackCountry "SCO"]
[WhiteElo "2416"]
[WhiteRD "63"]
[BlackElo "2386"]
[BlackRD "64"]
[GameID "459771"]

1. e4 e5 2. Nf3 d5 3. exd5 e4 4. Qe2 Nf6 5. Nc3 Qe7 6. Ng5 Bf5 7. Qb5+ Nfd7 8. Qxb7 Nb6 9. Bb5+ N8d7 10. d3 exd3+
11. Be3 Qd8 12. Bxb6 axb6 13. O-O Bd6 14. Rfe1+ Kf8 15. Ne6+ fxe6 16. Bxd7 Qxd7 17. Qxa8+ Qe8 18. Qb7 d2 19. Re3 Ke7 20. dxe6 Bxe6
21. Nd5+ Kd8 22. Nxc7 Bxc7 23. Rd3+ Bd7 24. Rxd2 Qe5 25. g3 Ke7 26. Rd5 Qe6 27. Rad1 Rc8 28. Rxd7+ Qxd7 29. Rxd7+ Kxd7 30. Qf3
1-0

[Event "Muppets on tour 1st practice"]
[Site "SchemingMind.com"]
[Date "2020.09.07"]
[Round "-"]
[White "William Lindberg"]
[Black "Matthew Bailey"]
[Result "1/2-1/2"]
[WhiteCountry "USA"]
[BlackCountry "ENG"]
[WhiteElo "2416"]
[WhiteRD "63"]
[BlackElo "2540"]
[BlackRD "61"]
[GameID "459772"]

1. e4 e5 2. Nf3 Nf6 3. Nxe5 d6 4. Nf3 Nxe4 5. d4 d5 6. Bd3 Bd6 7. O-O O-O 8. Re1 Bf5 9. c4 c6 10. Qc2 Na6
11. a3 Bg6 12. c5 Bb8 13. Nc3 f5 14. Ne2 Nc7 15. Nf4 Be8 16. Ne5 g5 17. Ne2 Ne6 18. f3 Qf6 19. fxe4 fxe4 20. Ng4 Qg6
21. Bxe4 Qxe4 22. Qxe4 dxe4 23. Ng3 Nxd4 24. Rxe4 Nb3 25. Nh6+ Kg7 26. Ngf5+ Rxf5 27. Nxf5+ Kf6 28. Bxg5+ Kxg5 29. Rae1 Bg6 30. g4 Nxc5
31. h4+ Kf6 32. R4e2 Bxf5 33. Rf2 Bd6 34. Rxf5+ Kg7 35. b4 Nb3 36. Ref1 Nd2 37. Rg5+ Kh8 38. Rf7 Rf8 39. Rgg7 Rxf7 40. Rxf7 Nc4
41. Rxb7 Nxa3 42. Rxa7 Bxb4 43. Kg2 c5 44. h5 h6 45. Ra8+ Kg7 46. Ra7+ Kf6 47. Ra6+ Kg7 48. Ra7+=
1/2-1/2

[Event "Muppets on tour 1st practice"]
[Site "SchemingMind.com"]
[Date "2020.09.08"]
[Round "-"]
[White "Matthew Bailey"]
[Black "William Lindberg"]
[Result "1-0"]
[WhiteCountry "ENG"]
[BlackCountry "USA"]
[WhiteElo "2580"]
[WhiteRD "61"]
[BlackElo "2437"]
[BlackRD "63"]
[GameID "459773"]

1. d4 d5 2. c4 e6 3. Nf3 Nf6 4. Nc3 c6 5. Bg5 Nbd7 6. e3 Be7 7. Bd3 h6 8. Bf4 dxc4 9. Bxc4 b5 10. Bd3 Bb7
11. O-O a6 12. a4 O-O 13. Rc1 Nh5 14. Be5 Nhf6 15. Bxf6 Bxf6 16. Ne4 Be7 17. Bb1 Rb8 18. Qc2 g6 19. Rfd1 bxa4 20. Ne5 Nxe5
21. dxe5 Qb6 22. Rd7 Qb5 23. Rxe7 Qxe5 24. f4 Qg7 25. Nd6 Ba8 26. Nc4 Qf6 27. Rd7 c5 28. Ne5 h5 29. Qd2 Rbc8 30. Qd6 c4
31. Qxa6 Rb8 32. Qxa4 Bd5 33. Qc2 Rbc8 34. Qc3 Rcd8 35. Qd2 Rb8 36. e4 Bb7 37. Rxc4 Bc8 38. Ra7 g5 39. Rcc7 gxf4 40. Nxf7 Rb7
41. e5 Qg7 42. Raxb7 Bxb7 43. Rxb7 Rxf7 44. Qd8+ Qf8 45. Qg5+ Rg7 46. Qxg7+ Qxg7 47. Rxg7+ Kxg7 48. Kf2 Kf7 49. h4 Ke7 50. Kf3 Kd7
51. Kxf4 Kc6 52. g4 hxg4 53. h5 g3 54. h6 Kc5 55. Kxg3 Kd5 56. Kf4
1-0

[Event "Muppets on tour 1st practice"]
[Site "SchemingMind.com"]
[Date "2020.09.11"]
[Round "-"]
[White "Robert Bruce"]
[Black "Randy Bahr"]
[Result "1-0"]
[WhiteCountry "SCO"]
[BlackCountry "USA"]
[WhiteElo "2386"]
[WhiteRD "64"]
[BlackElo "1770"]
[BlackRD "69"]
[GameID "459784"]

1. d4 Nf6 2. c4 e6 3. g3 d5 4. Nf3 Bb4+ 5. Bd2 a5 6. Bg2 O-O 7. Qc2 c5 8. dxc5 Nc6 9. cxd5 Qxd5 10. O-O Qxc5
11. Qxc5 Bxc5 12. Rc1 Bb4 13. Na3 Bd7 14. Bxb4 Nxb4 15. Ne5 Nbd5 16. Nxd7 Nxd7 17. Bxd5 exd5 18. Rc7 Nf6 19. f3 Rab8 20. Nb5 Rfd8
21. Rd1 Rdc8 22. Kf2 Rxc7 23. Nxc7 Rd8 24. g4 Rd7 25. Nb5 h6 26. Rc1 Kf8 27. Nd4 g6 28. Rc5 Ke7 29. Rxa5 Rc7 30. Ke3 Kd7
31. h4 g5 32. h5 Rc1 33. Nf5 Rc6 34. a4
1-0

[Event "Muppets on tour 1st practice"]
[Site "SchemingMind.com"]
[Date "2020.09.11"]
[Round "-"]
[White "Randy Bahr"]
[Black "Robert Bruce"]
[Result "0-1"]
[WhiteCountry "USA"]
[BlackCountry "SCO"]
[WhiteElo "1770"]
[WhiteRD "69"]
[BlackElo "2386"]
[BlackRD "64"]
[GameID "459785"]

1. Nf3 h6 2. e4 e6 3. d4 b6 4. Bd3 d6 5. c4 g5 6. h3 Ne7 7. b3 Bg7 8. Bb2 c5 9. Qc2 Nec6 10. e5 dxe5
11. dxe5 Nb4 12. Qe2 Qxd3 13. Na3 a6 14. Rd1 Qxe2+ 15. Kxe2 Bb7 16. Rd6 Nd7 17. Rhd1 O-O 18. Rxd7 Bc6 19. R7d2 Nxa2 20. Ba1 Nb4
21. Bc3 a5 22. Rd6 a4 23. Bxb4 Bxf3+ 24. gxf3 cxb4 25. Nb5 Bxe5 26. R6d3 a3 27. Nd4 Rfd8
0-1

[Event "Muppets on tour 1st practice"]
[Site "SchemingMind.com"]
[Date "2020.09.07"]
[Round "-"]
[White "William Lindberg"]
[Black "Randy Bahr"]
[Result "1-0"]
[WhiteCountry "USA"]
[BlackCountry "USA"]
[WhiteElo "2416"]
[WhiteRD "63"]
[BlackElo "1770"]
[BlackRD "69"]
[GameID "459786"]

1. c4 b6 2. d4 e6 3. e4 Bb7 4. Bd3 Bb4+ 5. Bd2 Nc6 6. Ne2 Bxd2+ 7. Qxd2 d5 8. cxd5 exd5 9. e5 Qh4 10. Qc3 Nge7
11. O-O O-O-O 12. f4 Kb8 13. Nd2 g6 14. b4 a6 15. h3 Nf5 16. b5 axb5 17. Bxb5 Na5 18. a4 Rhf8 19. Nb3 Nc4 20. a5 c6
21. axb6 cxb5 22. Nc5 Nxb6 23. Qa5 Nc8 24. Qxb5 Qe7 25. Na6+ Ka8 26. Nc7+ Kb8 27. Ra8+ Kxc7 28. Rc1+
1-0

[Event "Muppets on tour 1st practice"]
[Site "SchemingMind.com"]
[Date "2020.09.07"]
[Round "-"]
[White "Randy Bahr"]
[Black "William Lindberg"]
[Result "0-1"]
[WhiteCountry "USA"]
[BlackCountry "USA"]
[WhiteElo "1770"]
[WhiteRD "69"]
[BlackElo "2416"]
[BlackRD "63"]
[GameID "459787"]

1. Nf3 d5 2. d4 Nf6 3. c4 e6 4. Nc3 Bb4 5. Bg5 Nbd7 6. cxd5 exd5 7. Qc2 c5 8. a3 Bxc3+ 9. Qxc3 c4 10. Qe3+ Qe7
11. Qxe7+ Kxe7 12. g3 h6 13. Bxf6+ Nxf6 14. Bg2 Rd8 15. h4 Be6 16. Ne5 Rd6 17. f3 Rb6 18. Bh3 Bxh3 19. Rxh3 Rxb2 20. Kf2 b5
21. Rhh1 a5 22. Rhd1 Rb3 23. Rdb1 Ne8 24. Rxb3 cxb3 25. Nc6+ Ke6 26. e4 a4 27. Ke3 Nd6 28. exd5+ Kxd5 29. Nb4+ Ke6 30. Nd3 Nc4+
31. Ke4 f5+ 32. Kf4 Rd8 33. Nc5+ Kf6 34. Rd1 g5+
0-1

[Event "Muppets on tour 1st practice"]
[Site "SchemingMind.com"]
[Date "2020.09.08"]
[Round "-"]
[White "Matthew Bailey"]
[Black "Randy Bahr"]
[Result "1-0"]
[WhiteCountry "ENG"]
[BlackCountry "USA"]
[WhiteElo "2540"]
[WhiteRD "61"]
[BlackElo "1770"]
[BlackRD "69"]
[GameID "459788"]

1. e4 c5 2. Nc3 Nc6 3. Nf3 g6 4. d4 cxd4 5. Nxd4 Bg7 6. Be3 Nf6 7. Bc4 d6 8. f3 Qb6 9. Nf5 Qxb2 10. Nxg7+ Kf8
11. Nd5 Nxd5 12. Bxd5 Kxg7 13. O-O Qc3 14. Qc1 h5 15. Rd1 f6 16. Rb1 Nd8 17. Rb3 Qc7 18. Qb2 e6 19. Rc3 Qe7 20. Bb3 Nf7
21. Qa3 Rd8 22. Bb6 Rd7 23. f4 Kf8 24. f5 gxf5 25. exf5 e5 26. Qa4 Qe8 27. Bf2 Re7 28. Qh4 Nh6 29. Qxf6+ Nf7 30. Bh4 Bxf5
31. Rg3 Re6 32. Qg7#
1-0

[Event "Muppets on tour 1st practice"]
[Site "SchemingMind.com"]
[Date "2020.09.07"]
[Round "-"]
[White "Randy Bahr"]
[Black "Matthew Bailey"]
[Result "0-1"]
[WhiteCountry "USA"]
[BlackCountry "ENG"]
[WhiteElo "1770"]
[WhiteRD "69"]
[BlackElo "2540"]
[BlackRD "61"]
[GameID "459789"]

1. Nf3 Nf6 2. c4 c5 3. Nc3 e6 4. e3 d5 5. cxd5 exd5 6. Bb5+ Nc6 7. Ne5 Qc7 8. Qa4 Bd7 9. Nxd7 Qxd7 10. d4 Rc8
11. O-O a6 12. Bxc6 Rxc6 13. dxc5 Bxc5 14. b4 Bd6 15. Bb2 O-O 16. Qb3 Bxh2+ 17. Kxh2 Ng4+ 18. Kg1 Qd6 19. g3 Qh6 20. Kg2 Rf6
21. Rh1 Rxf2+ 22. Kg1 Qxe3 23. Ne4 Qxe4
0-1

[Event "Muppets on tour 1st practice"]
[Site "SchemingMind.com"]
[Date "2020.09.18"]
[Round "-"]
[White "Robert Bruce"]
[Black "Mihir Chandrashekhar"]
[Result "1-0"]
[WhiteCountry "SCO"]
[BlackCountry "IND"]
[WhiteElo "2419"]
[WhiteRD "72"]
[BlackElo "1755"]
[BlackRD "71"]
[GameID "460080"]

1. d4 d5 2. Nf3 Nf6 3. e3 e6 4. Bd3 c5 5. b3 Nc6 6. O-O cxd4 7. exd4 Bd6 8. Bb2 O-O 9. Nbd2 b6 10. Ne5 Nb4
11. Bb5 Ba6 12. Bxa6 Nxa6 13. Qe2 Qc8 14. c4 dxc4 15. bxc4 Bxe5 16. Qxe5 Nb4 17. Qg3 Qb7 18. Rad1 Ne4 19. Nxe4 Qxe4 20. Qc3 Na6
21. Rfe1 Qg6 22. Rd3
1-0

[Event "Muppets on tour 1st practice"]
[Site "SchemingMind.com"]
[Date "2020.09.17"]
[Round "-"]
[White "Mihir Chandrashekhar"]
[Black "Robert Bruce"]
[Result "0-1"]
[WhiteCountry "IND"]
[BlackCountry "SCO"]
[WhiteElo "1755"]
[WhiteRD "71"]
[BlackElo "2419"]
[BlackRD "72"]
[GameID "460081"]

1. d4 f5 2. c4 Nf6 3. Nc3 g6 4. g3 Bg7 5. Bg2 O-O 6. Nf3 d6 7. O-O Qe8 8. Qc2 e5 9. dxe5 dxe5 10. Bg5 h6
11. Bxf6 Rxf6 12. e4 Nc6 13. Nd5 Rf7 14. b4 fxe4 15. Nh4 g5 16. Ng6 Bf5 17. Bxe4 Nd4 18. Qd3 Bxe4 19. Qxe4 c6 20. Ne3 Nf3+
21. Kg2 Nd2
0-1

[Event "Muppets on tour 1st practice"]
[Site "SchemingMind.com"]
[Date "2020.09.15"]
[Round "-"]
[White "William Lindberg"]
[Black "Mihir Chandrashekhar"]
[Result "1-0"]
[WhiteCountry "USA"]
[BlackCountry "IND"]
[WhiteElo "2437"]
[WhiteRD "63"]
[BlackElo "1752"]
[BlackRD "66"]
[GameID "460082"]

1. c4 e5 2. Nc3 Nf6 3. Nf3 Nc6 4. g3 Bb4 5. Bg2 O-O 6. O-O e4 7. Nh4 Bxc3 8. bxc3 d6 9. d3 h6 10. dxe4 Re8
11. Qc2 Qe7 12. Nf5 Bxf5 13. exf5 Qxe2 14. Qxe2 Rxe2 15. Be3 Ng4 16. Bf4 Nge5 17. Rab1 Na5 18. Bxb7 Rb8 19. Bd5 Rb6 20. c5 dxc5
21. Rbe1 Rxe1 22. Rxe1 Nd3 23. Re8+ Kh7 24. Bxc7
1-0

[Event "Muppets on tour 1st practice"]
[Site "SchemingMind.com"]
[Date "2020.09.15"]
[Round "-"]
[White "Mihir Chandrashekhar"]
[Black "William Lindberg"]
[Result "0-1"]
[WhiteCountry "IND"]
[BlackCountry "USA"]
[WhiteElo "1752"]
[WhiteRD "66"]
[BlackElo "2437"]
[BlackRD "63"]
[GameID "460083"]

1. d4 Nf6 2. c4 e6 3. Nf3 h6 4. g3 Bb4+ 5. Bd2 Be7 6. Bg2 d5 7. O-O O-O 8. Qc2 c6 9. Rd1 Nbd7 10. Bf4 b6
11. Nc3 Bb7 12. Ne5 g5 13. Nxd7 Qxd7 14. Bc1 dxc4 15. h4 gxh4 16. Bxh6 hxg3 17. Bf3 e5 18. Kg2 exd4 19. Qd2 Qf5 20. Qxd4 Qg6
21. Bxf8 gxf2+ 22. Kxf2 Kxf8 23. Qxc4 Bc5+ 24. e3 Re8
0-1

[Event "Muppets on tour 1st practice"]
[Site "SchemingMind.com"]
[Date "2020.09.15"]
[Round "-"]
[White "Mihir Chandrashekhar"]
[Black "Matthew Bailey"]
[Result "0-1"]
[WhiteCountry "IND"]
[BlackCountry "ENG"]
[WhiteElo "1752"]
[WhiteRD "66"]
[BlackElo "2580"]
[BlackRD "61"]
[GameID "460084"]

1. d4 d5 2. Nf3 Nf6 3. c4 e6 4. g3 Bb4+ 5. Bd2 Be7 6. Bg2 O-O 7. O-O Nbd7 8. Nc3 dxc4 9. e4 b5 10. e5 Nd5
11. Nxb5 a5 12. Nc3 Bb7 13. Qe2 a4 14. Qxc4 N7b6 15. Qe2 Ba6 16. Qe4 Bxf1 17. Bxf1 Rb8 18. Bd3 g6 19. Bh6 Re8 20. Rc1 Nxc3
21. bxc3 Qd5 22. Qe2 c5 23. Bb5 Rec8 24. c4 Qb7 25. d5 Nxd5
0-1

[Event "Muppets on tour 1st practice"]
[Site "SchemingMind.com"]
[Date "2020.09.15"]
[Round "-"]
[White "Matthew Bailey"]
[Black "Mihir Chandrashekhar"]
[Result "1-0"]
[WhiteCountry "ENG"]
[BlackCountry "IND"]
[WhiteElo "2580"]
[WhiteRD "61"]
[BlackElo "1752"]
[BlackRD "66"]
[GameID "460085"]

1. e4 e5 2. Nf3 Nc6 3. d4 exd4 4. Nxd4 Nf6 5. Nxc6 bxc6 6. e5 Qe7 7. Qe2 Nd5 8. c4 Ba6 9. b3 g6 10. f4 d6
11. Qf2 Nf6 12. Be2 dxe5 13. O-O exf4 14. Nc3 Bg7 15. Bxf4 O-O 16. Bg5 Ng4 17. Bxe7 Nxf2 18. Bb4 Bxc3 19. Bxc3 Ne4 20. Ba5 c5
21. Bxc7 f5 22. Bf3 Rac8 23. Bf4 Bb7 24. Rae1 Rfd8 25. g4 Kf7 26. Bg5 Rd4 27. Be3 Rd7 28. gxf5
1-0

[Event "Muppets on tour 1st practice"]
[Site "SchemingMind.com"]
[Date "2020.09.15"]
[Round "-"]
[White "Mihir Chandrashekhar"]
[Black "Randy Bahr"]
[Result "1-0"]
[WhiteCountry "IND"]
[BlackCountry "USA"]
[WhiteElo "1740"]
[WhiteRD "65"]
[BlackElo "1770"]
[BlackRD "69"]
[GameID "460086"]

1. Nf3 d5 2. d4 c6 3. Bf4 Bf5 4. c4 Nf6 5. e3 Bxb1 6. Rxb1 e5 7. dxe5 Bb4+ 8. Ke2 Nh5 9. g4 Nxf4+ 10. exf4 dxc4
11. Qxd8+ Kxd8 12. Ng5 Ke7 13. Rc1 h6 14. Ne4 b5 15. Bg2 Nd7 16. Rhd1 Nc5 17. Nxc5 Bxc5 18. Bxc6 Rad8 19. Bxb5 Rxd1 20. Rxd1 Rd8
21. Rxd8 Kxd8 22. Bxc4 Ke7 23. h4 f6 24. a3 a5 25. e6 Bd6 26. f5 Bc5 27. f4 Kd6 28. Kd3 Bb6 29. Ke4 Bd8 30. b4 axb4
31. axb4 Be7 32. Kd4 Bd8 33. Bb5 Be7 34. Be8 Bd8 35. Ke4 Be7 36. Kd4 Bd8 37. Kc4 Kc7 38. Kb5 Kb7 39. Bc6+ Ka7 40. Be4
1-0

[Event "Muppets on tour 1st practice"]
[Site "SchemingMind.com"]
[Date "2020.09.15"]
[Round "-"]
[White "Randy Bahr"]
[Black "Mihir Chandrashekhar"]
[Result "0-1"]
[WhiteCountry "USA"]
[BlackCountry "IND"]
[WhiteElo "1770"]
[WhiteRD "69"]
[BlackElo "1740"]
[BlackRD "65"]
[GameID "460087"]

1. e4 e5 2. Nf3 Nc6 3. Bc4 Nf6 4. d3 Bc5 5. O-O d6 6. c3 O-O 7. h3 h6 8. b4 Bb6 9. a4 a5 10. b5 Ne7
11. Be3 Bxe3 12. fxe3 d5 13. exd5 Nfxd5 14. Qb3 Nxe3 15. Bxf7+ Kh8 16. Nbd2 Nxf1 17. Nxe5 Nxd2 18. Qc2 Qd6
0-1

[Event "Muppets on tour 1st practice"]
[Site "SchemingMind.com"]
[Date "2020.09.22"]
[Round "-"]
[White "Robert Bruce"]
[Black "Keithk"]
[Result "1-0"]
[WhiteCountry "SCO"]
[BlackCountry "ENG"]
[WhiteElo "2419"]
[WhiteRD "72"]
[BlackElo "2604"]
[BlackRD "71"]
[GameID "460255"]

1. d4 d5 2. c4 c6 3. Nc3 Nf6 4. cxd5 cxd5 5. Bf4 Nc6 6. Rc1 Qb6 7. e3 Qxb2 8. Bd3 Bd7 9. Nge2 Qb6 10. Rb1 Nb4
11. O-O Qa5 12. a3 Nxd3 13. Qxd3 Bc6 14. Nb5 Rc8 15. f3 e6 16. Nec3 Be7 17. Nd6+ Bxd6 18. Bxd6 Qd8 19. Nb5 h6 20. Nxa7 Ra8
21. Nb5 Kd7 22. Bc5 Ne8 23. Na7 Qc7 24. Rfc1 Nd6 25. Bxd6 Qxd6 26. Nxc6 bxc6 27. Rb7+ Ke8 28. e4 dxe4 29. fxe4 g5 30. e5 Qxa3
31. Qxa3
1-0

[Event "Muppets on tour 1st practice"]
[Site "SchemingMind.com"]
[Date "2020.09.22"]
[Round "-"]
[White "Keithk"]
[Black "Robert Bruce"]
[Result "0-1"]
[WhiteCountry "ENG"]
[BlackCountry "SCO"]
[WhiteElo "2502"]
[WhiteRD "81"]
[BlackElo "2447"]
[BlackRD "76"]
[GameID "460256"]

1. e4 c6 2. d4 d5 3. e5 Bf5 4. Nf3 e6 5. Be2 c5 6. Be3 cxd4 7. Nxd4 Ne7 8. c4 Nbc6 9. Qa4 a6 10. Nc3 dxc4
11. O-O-O Qa5 12. Qxa5 Nxa5 13. Nxf5 Nxf5 14. Bb6 Nc6 15. f4 Rc8 16. Bxc4 g5 17. g4 Nh6 18. f5 Nxe5 19. Bb3 Bc5 20. Bxc5 Rxc5
21. fxe6 fxe6 22. Bxe6 Nhxg4 23. Bd5 Rc7 24. Rhe1 Re7 25. Ne4 Rf8 26. Re2 Nc6 27. Red2 Kd7 28. Nc5+ Kd6 29. Nxb7+ Kc7 30. Bxc6 Ne3
31. Bd5 Rc8 32. Rg1 Nxd5 33. Nc5 Kd6 34. b4 Re5 35. Kb2 a5
0-1

[Event "Muppets on tour 1st practice"]
[Site "SchemingMind.com"]
[Date "2020.09.19"]
[Round "-"]
[White "William Lindberg"]
[Black "Keithk"]
[Result "0-1"]
[WhiteCountry "USA"]
[BlackCountry "ENG"]
[WhiteElo "2416"]
[WhiteRD "66"]
[BlackElo "2604"]
[BlackRD "71"]
[GameID "460257"]

1. e4 e5 2. Nf3 Nc6 3. Bb5 a6 4. Ba4 Nf6 5. O-O Be7 6. Re1 b5 7. Bb3 O-O 8. d3 d6 9. a4 b4 10. h3 Rb8
11. Nbd2 Na5 12. Bd5 Nxd5 13. exd5 f5 14. c4 Bf6 15. Nf1 Bd7 16. Kh2 c6 17. Ne3 e4 18. dxe4 fxe4 19. dxc6 Bxc6 20. Nd2 Be5+
21. Kg1 Qh4 22. Re2 h5 23. Ra2 Rf6 24. Ndf1 Rg6 25. b3 Qxh3 26. Ng3 Rxg3 27. fxg3 Qxg3 28. Rf2 Qh2+ 29. Kf1 Qh1+ 30. Ke2 Qxd1+
31. Kxd1 Nxb3 32. Bb2 Bxb2 33. Rfxb2 Nc5 34. a5 Na4 35. Rxa4 Bxa4+ 36. Kd2 Kf7 37. Nd5 b3 38. Ke3 Bc6 39. Nb6 Rf8 40. Kd4 Re8
41. Ke3 Re5 42. Rxb3 Rg5 43. Rb2 Ke6 44. Kd4 Rxa5 45. Nd5 Bxd5 46. cxd5+ Rxd5+ 47. Kxe4 a5 48. Rb8 a4 49. Rb2 h4 50. Ra2 Rg5
51. Kd3 Rg4 52. Kc3 Ke5 53. Re2+ Re4 54. Ra2 d5 55. Kd2 g5 56. Kd1 g4 57. Ra3 Rb4 58. Kc2 Rf4 59. Kd1 Rf2 60. Rxa4 Rxg2
61. Ke1 h3 62. Kf1 d4 63. Ra3 Ke4 64. Ra1 g3 65. Rc1 Kf3 66. Rc7 Rb2
0-1

[Event "Muppets on tour 1st practice"]
[Site "SchemingMind.com"]
[Date "2020.09.19"]
[Round "-"]
[White "Keithk"]
[Black "William Lindberg"]
[Result "1-0"]
[WhiteCountry "ENG"]
[BlackCountry "USA"]
[WhiteElo "2610"]
[WhiteRD "68"]
[BlackElo "2437"]
[BlackRD "63"]
[GameID "460258"]

1. e4 e5 2. Bc4 Nf6 3. d3 Bc5 4. Nf3 d6 5. Bg5 h6 6. Bh4 a6 7. c3 b5 8. Bb3 O-O 9. a4 Ba7 10. Na3 c6
11. Nc2 g5 12. Bg3 Nbd7 13. axb5 Nc5 14. Ba2 axb5 15. O-O Re8 16. Ne3 Bd7 17. h4 g4 18. Nh2 h5 19. Re1 Be6 20. Bxe6 fxe6
21. f3 gxf3 22. Nxf3 Qe7 23. Bf2 Rf8 24. Ng5 Nh7 25. Nf3 Qg7 26. Kh1 d5 27. Qc2 Nf6 28. Nd1 dxe4 29. dxe4 Ng4 30. Bg1 Qe7
31. Ne3 Rf4 32. Ng5 Nxe4 33. Nxg4 Rxg4 34. Rxe4 Rxg5 35. hxg5 Qh7 36. Qe2 Qf5 37. Rxe5 Qg4 38. Qd3 Kh8 39. Qg6 Qh4+ 40. Bh2 Rf8
41. Rxe6
1-0

[Event "Muppets on tour 1st practice"]
[Site "SchemingMind.com"]
[Date "2020.09.19"]
[Round "-"]
[White "Keithk"]
[Black "Mihir Chandrashekhar"]
[Result "1-0"]
[WhiteCountry "ENG"]
[BlackCountry "IND"]
[WhiteElo "2604"]
[WhiteRD "71"]
[BlackElo "1755"]
[BlackRD "71"]
[GameID "460259"]

1. e4 e5 2. Bc4 Bc5 3. Nf3 Nc6 4. O-O Nf6 5. d3 d6 6. c3 a6 7. a4 h6 8. Nbd2 O-O 9. Re1 Ba7 10. Nf1 Re8
11. h3 Be6 12. Bxe6 Rxe6 13. a5 d5 14. Qc2 dxe4 15. dxe4 Qe8 16. Be3 Bxe3 17. Nxe3 Ne7 18. Rad1 Rd8 19. c4 c6 20. c5 g6
21. Nc4 Nc8 22. Nfxe5 Rxe5 23. Rxd8
1-0

[Event "Muppets on tour 1st practice"]
[Site "SchemingMind.com"]
[Date "2020.09.19"]
[Round "-"]
[White "Mihir Chandrashekhar"]
[Black "Keithk"]
[Result "0-1"]
[WhiteCountry "IND"]
[BlackCountry "ENG"]
[WhiteElo "1755"]
[WhiteRD "71"]
[BlackElo "2604"]
[BlackRD "71"]
[GameID "460260"]

1. d4 Nf6 2. Nf3 d5 3. g3 e6 4. Bg2 Be7 5. O-O O-O 6. c4 dxc4 7. Qc2 a6 8. Qxc4 b5 9. Qc2 Bb7 10. Nbd2 h6
11. e4 Nbd7 12. Rd1 c5 13. e5 Nd5 14. dxc5 Nxc5 15. Nb3 Qc7 16. Nfd4 Nb4 17. Qe2 Bxg2 18. Kxg2 Rad8 19. f4 Nxb3 20. Nxb3 Qc6+
21. Kh3 Rxd1 22. Qxd1 Qe4 23. Bd2 Nd3 24. Be1 Rd8 25. Qc2 Nxf4+
0-1